00794 2200277 4500001002100000005001500021035002000036007000300056008004100059020002200100082001100122084001700133100001600150245009200166260003400258300004300292650002100335700002100356700001900377700002100396700001400417700001900431700002500450856003000475990001100505INLIS00000000000020820231030030604 a0010-1023000144ta231030 g 0 ind  a978-602-1520-58-1 a631.17 a631.17 JIK i0 aJiko Pitoko1 aInovasi Teknologi :bMembangun ketahanan Pangan dan Kesejahteraan Petani /cJiko Pitoko aJakarta :bIAARD Press,c2014 ax,; 400 hlm :billus, ;c15 cm x 21 cm 4aKetahanan Pangan0 aNuning Nugrahani0 aKetut Kariyasa0 aSulusi Prabawati0 aM. Yusron0 aEndang Romjali0 aMoch. Takdir Mulyadi aperpustakaan bpsip sumbar a365/23